书目信息 |
| 题名: |
室内装饰设计施工图集 4
|
|
| 作者: | 尤逸南 主编 | |
| 分册: | ||
| 出版信息: | 北京 中国建筑工业出版社 1998.09 |
|
| 页数: | 368页 | |
| 开本: | 16开 | |
| 丛书名: | ||
| 单 册: | ||
| 中图分类: | ||
| 科图分类: | ||
| 主题词: | ||
| 电子资源: | ||
| ISBN: | 7-112-03503-1 | |
| 000 | 00607nam0 2200205 45 | |
| 001 | 9910131529 | |
| 005 | 20001202153727.1 | |
| 010 | @a7-112-03503-1@d90.00元 | |
| 100 | @a19991013d1998 km y0chiy0120 ea | |
| 101 | @achi | |
| 105 | @a z 000yy | |
| 200 | 1 | @a室内装饰设计施工图集 4@Ashi nei zhuang shi she ji shi gong tu ji 4@f尤逸南等主编@FYou Yi Nan Deng Zhu Bian |
| 210 | @a北京@c中国建筑工业出版社@d1998.09 | |
| 215 | @a368页@d16开 | |
| 690 | @v3 | |
| 690 | @aTU238@v3 | |
| 690 | @aTU238-64@v4 | |
| 701 | @a尤逸南@4主编 | |
| 801 | @aCN@bPFTUser@c19991013 | |
| 905 | @dTU238-64@eY569:4@b510098-102@f5 | |
| 室内装饰设计施工图集 4/尤逸南等主编.-北京:中国建筑工业出版社,1998.09 |
| 368页;16开 |
| ISBN 7-112-03503-1:90.00元 |
| ● |
| 相关链接 |
|
|
|
正题名:室内装饰设计施工图集 4
索取号:TU238-64/Y569:4
 
预约/预借
| 序号 | 登录号 | 条形码 | 馆藏地/架位号 | 状态 | 备注 |
| 1 | 510098 | 205100987 | 自科二线404/404自科库 24排2列1层/ [索取号:TU238-64/Y569:4] | 在馆 | |
| 2 | 510099 | 205100996 | 自科二线404/404自科库 24排2列1层/ [索取号:TU238-64/Y569:4] | 在馆 | |
| 3 | 510100 | 205101003 | 建筑库101/101建筑库 51排1列2层/ [索取号:TU238-64/Y569:4] | 在馆 | |
| 4 | 510101 | 205101012 | 建筑库101/101建筑库 51排1列2层/ [索取号:TU238-64/Y569:4] | 在馆 | |
| 5 | 510102 | 205101021 | 自科二线404/404自科库 24排2列1层/ [索取号:TU238-64/Y569:4] | 在馆 |